| 000 | 01383nam0a2200349 4500 | ||
|---|---|---|---|
| 001 | RU\NLR\BIBL_A\012062177 | ||
| 005 | 20260407063216.0 | ||
| 010 |
_a978-5-6042358-6-7 _9120 |
||
| 021 |
_aRU _b2019-46234 _9КН-П-3379 |
||
| 035 | _a(RuMoRGB)010019297 | ||
| 035 | _a(NLR Aleph) 012062177 | ||
| 090 |
_a11711155 _c11711155 |
||
| 100 | _a20190723d2019 |||y0rusy50 ca | ||
| 101 | 0 | _arus | |
| 102 | _aRU | ||
| 105 | _aa j 000zy | ||
| 200 | 1 |
_aСамоучитель по Таро Уэйта _fСклярова Вера |
|
| 210 |
_aНижний Новгород _cМосквичев А.Г. _cMagic-kniga _d2019 |
||
| 215 |
_a115, [3] с. _cил. _d21 |
||
| 300 | _aЗагл. обл.: Самоучитель по Таро Уэйта от Веры Скляровой | ||
| 300 | _aНа обл. авт. не указан | ||
| 333 | _a16+ | ||
| 512 | 1 | _aСамоучитель по Таро Уэйта от Веры Скляровой | |
| 606 |
_aТаро _92073672 _3RU\NLR\AUTH\661248597 |
||
| 686 | 2 | _aЭ391.215 | |
| 700 | 1 |
_8rus _7ca _aСклярова _bВ. А. _gВера Анатольевна _3RU\NLR\AUTH\7713412 _9123102 |
|
| 702 | 1 |
_4570 _8rus _7ca _aУэйт _bА. Э. _f1857-1942 _gАртур Эдвард _3RU\NLR\AUTH\7784513 _967441 |
|
| 942 | _cBOOK | ||
| 980 | _aNB | ||